00854cam a2200217 a 4500003000900000005001700009008004100026020001500067040002800082082002600110100003100136245013700167250005500304260007100359300003000430504002900460650003800489700004000527700002700567700004200594CO-ViMGA20230915225025.0970423s1997 ck a r 00010dspa d a9582003197 aCO-ViMGAbspacCO-ViMGA04a792.08 bM85e 21 ed.1 aMúñoz F., Nohora Mary.13aLa expresión artística en el preescolar / cNohora Mary Múñoz F., Edgar Marino Burdano, María del Buen Consejo Vizcaíno. aDirección editorial José Vicente Joven Niño. aSanta Fe de Bogotá : bCooperativa Editorial Magisterio, c1997. a124 p. : bil. ; c24 cm. aIncluye bibliografías. 6aExpresión artística infantil.1 aJoven Niño, José Vicente, eed.1 aMarino Burbano, Edgar.1 aVizcaíno, María del Buen Consejo.